000
00303nam a22001337a 4500
008
181101b xxu||||| |||| 00| 0 eng d
020
_a
9780205297610
041
_a
eng
080
_2
8th
_a
316
100
_a
50
101
_a
SOC
245
_a
Introduction to Social Work
_c
Farley,O.W
942
_2
udc
_c
BK
999
_c
51460
_d
51460